000 00252nam a2200121Ia 4500
008 230312s9999||||xx |||||||||||||| ||und||
082 _a891.4
_bQAS-A
100 _aQASMI
245 0 _aAabley
260 _bSangeMeel
650 _aLiterature
942 _cBK
999 _c8633
_d8633